Visualizzazione normale
Vista MARC
- Davies Peter Maxwel
di Personal Name
Records bibliografici associati: 1
001 - CONTROL NUMBER
- control field: 39503
003 - CONTROL NUMBER IDENTIFIER
- control field: IT-RoPau
005 - DATE AND TIME OF LATEST TRANSACTION
- control field: 20151126102155.0
008 - FIXED-LENGTH DATA ELEMENTS
- fixed length control field: 151126|| aca||aabn | a|a d
040 ## - CATALOGING SOURCE
- Original cataloging agency: IT-RoPau
- Transcribing agency: IT-RoPau
100 ## - HEADING--PERSONAL NAME
- Personal name: Davies Peter Maxwel
- Relator term: (musica)
- Miscellaneous information: Codice Musica SPICS: 10851
670 ## - SOURCE DATA FOUND
- Source citation: Work cat.: (IT-RoPau)105106: Russell Ken Codice regista SPICS: 1769 39500, DIAVOLI (I) DIAVOLI (I) (Rif. Codice opera principale : B9476)